[Event "West Bromwich Midland op-B"]
[Site "West Bromwich"]
[Date "2017.08.13"]
[Round "4"]
[White "Riley, Mark"]
[Black "Rudny, Tomasz"]
[Result "0-1"]
[WhiteElo "1727"]
[BlackElo "1632"]
[PlyCount "62"]
[EventDate "2017.08.11"]
[EventType "swiss"]
[EventRounds "5"]
[EventCountry "ENG"]
[SourceTitle "CBM 180 Extra"]
[Source "ChessBase"]
[SourceDate "2017.10.06"]
[SourceVersion "1"]
[SourceVersionDate "2017.10.06"]
[SourceQuality "1"]

1. e4 c5 2. Nc3 g6 3. Nf3 Bg7 4. d4 cxd4 5. Nxd4 Nc6 6. Be3 d6 7. f3 Nf6 8. Bc4 Bd7 9. Qd2 0-0 10. 0-0-0 Rc8 11. Bb3 Na5 12. Kb1 Nxb3 13. Nxb3 a5 14. e5 dxe5 15. Qf2 Rxc3 16. bxc3 Qc7 17. Bb6 Qxc3 18. Bxa5 Qc4 19. Qf1 Qa4 20. Qe1 Rc8 21. g4 Be6 22. Qb4 Qc6 23. Rd8+ Rxd8 24. Bxd8 Nd5 25. Qa5 b6 26. Qa7 h6 27. Bxe7 e4 28. fxe4 Nc3+ 29. Kc1 Qxe4 30. Rf1 Bxb3 31. axb3 Qe3+ 0-1